Online
Catalog

Golpe y revolución : (Record no. 14342)

MARC details
000 -CABECERA
campo de control de longitud fija 02787nam a2200337 i 4500
001 - NÚMERO DE CONTROL
campo de control 000014759
003 - IDENTIFICADOR DEL NÚMERO DE CONTROL
campo de control DO-SdBNP
005 - FECHA Y HORA DE LA ÚLTIMA TRANSACCIÓN
campo de control 20250902114424.0
007 - CAMPO FIJO DE DESCRIPCIÓN FÍSICA--INFORMACIÓN GENERAL
campo de control de longitud fija ta
008 - DATOS DE LONGITUD FIJA--INFORMACIÓN GENERAL
campo de control de longitud fija 100120s2008 dr 000 0 spa d
020 ## - NÚMERO INTERNACIONAL ESTÁNDAR DEL LIBRO
Número Internacional Estándar del Libro 9993400475
040 ## - FUENTE DE LA CATALOGACIÓN
Centro catalogador/agencia de origen DO-SdBNP
Lengua de catalogación spa
Centro/agencia transcriptor BNPHU
Normas de descripción rda
041 ## - CÓDIGO DE LENGUA
Código de lengua del texto/banda sonora o título independiente spa
082 #4 - NÚMERO DE LA CLASIFICACIÓN DECIMAL DEWEY
Número de clasificación 972.93054
Número de documento/Ítem G861g 2008
Número de edición 22
100 1# - ENTRADA PRINCIPAL--NOMBRE DE PERSONA
Nombre de persona Grimaldi, Víctor,
Fechas asociadas al nombre 1949-
Término indicativo de función/relación autor
Código de función/relación aut.
9 (RLIN) 1699
245 10 - MENCIÓN DE TÍTULO
Título Golpe y revolución :
Resto del título el derrocamiento de Juan Bosch y la intervención norteamericana /
Mención de responsabilidad, etc. Víctor Grimaldi.
250 ## - MENCIÓN DE EDICIÓN
Mención de edición Cuarta edición
264 ## - PRODUCCIÓN, PUBLICACIÓN, DISTRIBUCIÓN, FABRICACIÓN Y COPYRIGHT
Producción, publicación, distribución, fabricación y copyright Santo Domingo :
Nombre del de productor, editor, distribuidor, fabricante Comisión Permanente de Efemérides Patrias,
Fecha de producción, publicación, distribución, fabricación o copyright 2008.
300 ## - DESCRIPCIÓN FÍSICA
Extensión 501 páginas :
Otras características físicas ilustraciones, retratos ;
Dimensiones 23 cm.
336 ## - TIPO DE CONTENIDO
Término de tipo de contenido texto
Código de tipo de contenido txt
Fuente rdacontent
337 ## - TIPO DE MEDIO
Nombre/término del tipo de medio sin mediación
Código del tipo de medio n
Fuente rdamedia
338 ## - TIPO DE SOPORTE
Nombre/término del tipo de soporte volumen
Código del tipo de soporte nc
Fuente rdacarrier
490 0# - MENCIÓN DE SERIE
Mención de serie Publicación de la Comisión Permanente de Efemérides Patrias
Designación de volumen o secuencia 29
504 ## - NOTA DE BIBLIOGRAFÍA, ETC.
Nota de bibliografía, etc. Bibliografía: páginas 491-498
505 0# - NOTA DE CONTENIDO CON FORMATO
Nota de contenido con formato Cronología de los hechos -- Prólogo -- Un encuentro entre dos presidentes -- La embajada evalúa el gobierno de Bosch -- El Caribe en la Guerra fría -- Trujillo y Haití en el destino dominicano -- Las conspiraciones de Kennedy -- Geopolíticas y golpe de estado -- El final del triunvirato -- Más informes de inteligencia -- Cómo Wessin se entera de la revuelta -- Estados Unidos contra Juan Bosch -- Cuando Trujillo era jefe en 1961 -- Muchos muertos y heridos -- Aislamientos y huidas -- El 28 de abril -- Para evitar otro Viet Nam -- John B. Martin, el divisionista -- Wessin atropellado -- Maniobras en Washington -- La CIA y los comunistas -- La lista era de -- Informes de Berry e Imbert -- El insomnio de Johnson -- Caamaño para presidente -- Bosch no era estúpido -- Imbert promovido por Rusk -- Elogios para Caamaño -- Bajando el chucho -- Los generales de golpe -- Fondos para la ocupación -- La misión Bundy -- Y la operación limpieza -- La opinión pública norteamericana -- Y el libro de Martin -- Revelaciones de Thomas Mann 287 una entrevista con Cyrus Vance -- Fracaso de fórmula Guzmán -- Espías norteamericanos -- Una vieja preocupación -- Resucita un cabildero de Trujillo -- Dominicanos presidenciables -- La mafia también quiso aprovecharse -- La acusación de un senador -- La muerte de Trujillo y la invasión de 1965 -- El retorno de Balaguer -- Negociantes norteamericanos -- Recordando el golpe de 1963 -- Cuatro meses de revolución -- Sube García Godoy -- Una propuesta de Balaguer -- El destierro de Caamaño.
590 ## - NOTA LOCAL (RLIN)
Nota local Inventariado, 2019/MFF
651 #0 - PUNTO DE ACCESO ADICIONAL DE MATERIA--NOMBRE GEOGRÁFICO
Nombre geográfico República Dominicana
Subdivisión general Política y gobierno
9 (RLIN) 45
651 #4 - PUNTO DE ACCESO ADICIONAL DE MATERIA--NOMBRE GEOGRÁFICO
Nombre geográfico República Dominicana
Subdivisión general Historia
-- Golpe de Estado, 1963
9 (RLIN) 33457
910 ## - DATOS DE OPCIÓN DEL USUARIO (OCLC)
Datos de opción del usuario Validado. Control de calidad MMOLINA
942 ## - ELEMENTOS DE PUNTO DE ACCESO ADICIONAL (KOHA)
Fuente del sistema de clasificación o colocación Dewey Decimal Classification
Tipo de ítem Koha Libro
Holdings
Estado de retiro Estado de pérdida Fuente del sistema de clasificación o colocación Restricciones de uso No para préstamo Código de colección Localización permanente Ubicación/localización actual Ubicación en estantería Fecha de adquisición Total de préstamos Signatura topográfica completa Código de barras Fecha visto por última vez Número de copia Precio válido a partir de Tipo de ítem Koha
  Extraviado Dewey Decimal Classification Préstamo en sala   Dominicana de Servicio Biblioteca Nacional Pedro Henríquez Ureña Biblioteca Nacional Pedro Henríquez Ureña Extraviado 20.01.2010   BNPHU DS 972.93054 G861g 2008 14759-30 25.06.2020 e.3 25.06.2020 Libro
  Extraviado Dewey Decimal Classification Préstamo en sala   Dominicana de Servicio Biblioteca Nacional Pedro Henríquez Ureña Biblioteca Nacional Pedro Henríquez Ureña Extraviado 20.01.2010   BNPHU DS 972.93054 G861g 2008 14759-40 25.06.2020 e.4 25.06.2020 Libro
  Extraviado Dewey Decimal Classification Préstamo en sala   Dominicana de Servicio Biblioteca Nacional Pedro Henríquez Ureña Biblioteca Nacional Pedro Henríquez Ureña Extraviado 20.01.2010   BNPHU DS 972.93054 G861g 2008 14759-50 25.06.2020 e.5 25.06.2020 Libro
    Dewey Decimal Classification Excluido de préstamo   Patrimonio Dominicano Biblioteca Nacional Pedro Henríquez Ureña Biblioteca Nacional Pedro Henríquez Ureña Depósito 20.01.2010   BNPHU PD 972.93054 G861g 2008 14759-10 25.06.2020   25.06.2020 Libro
    Dewey Decimal Classification Excluido de préstamo   Patrimonio Dominicano Biblioteca Nacional Pedro Henríquez Ureña Biblioteca Nacional Pedro Henríquez Ureña Depósito 20.01.2010   BNPHU PD 972.93054 G861g 2008 14759-20 25.06.2020 e.2 25.06.2020 Libro

Powered by Koha